Państwa, które kiedykolwiek miały kierowcę F1 - Statystyki

Ogólne statystyki
  • Ten quiz został rozwiązany 370 razy
  • Średni wynik to 31 z 40
Statystyki odpowiedzi
Liczba kierowców Państwo % Poprawnych
1 Polska
99%
164 Wielka Brytania
99%
57 Niemcy
98%
158 USA
98%
71 Francja
97%
99 Włochy
96%
32 Brazylia
95%
1 Chiny
95%
15 Hiszpania
95%
21 Japonia
95%
15 Kanada
95%
4 Rosja
95%
17 Holandia
93%
6 Meksyk
92%
11 Szwecja
92%
9 Finlandia
91%
25 Argentyna
90%
5 Portugalia
89%
17 Australia
87%
24 Belgia
87%
16 Austria
83%
5 Dania
80%
23 RPA
80%
1 Czechy
79%
2 Indie
77%
24 Szwajcaria
76%
5 Monako
75%
9 Nowa Zelandia
74%
3 Kolumbia
73%
5 Irlandia
69%
1 Węgry
69%
2 Tajlandia
67%
1 Chile
64%
3 Wenezuela
63%
1 Maroko
57%
1 Indonezja
50%
1 Malezja
44%
4 Urugwaj
44%
1 Liechtenstein
27%
5 Zimbabwe
8%
Nie znaleziono quizów pasujących do podanych kryteriów
Rozkład punktacji
Procent ludzi z każdym wynikiem
Percentyl według liczby udzielonych odpowiedzi
Twoja historia wyników
Nie rozwiązałeś tego quizu